000 00641nam a2200217Ii 4500
001 9420
003 CO-ViMGA
008 241108s9999||||xx |||||||||||||| ||und||
020 _a8470871870
040 _aCO-ViMGA
_bspa
_erda
_cCO-ViMGA
041 0 _aspa
082 0 4 _a647.068 S161ad
100 1 _aLuigi Salmas
_949680
245 1 0 _aAdministración Hotelera
264 1 _aMadrid, España : Buffetti Iberica, [Fecha de publicación no identificada]
300 _avolumen
336 _atext
_btxt
_2rdacontent
337 _aunmediated
_bn
_2rdamedia
338 _avolume
_bnc
_2rdacarrier
940 _aidficha_siabuc: 9210. -- ficha_no_siabuc:9420
999 _c44357
_d44357